000 00355nam a2200133 i 4500
001 bg
100 1 _aSTACHOWIAK, Franciszek
245 0 _aGospodarka narodowa ChiƄskiej Republiki Ludowej 1949-1982 /
_cFranciszek Stachowiak.
260 _aWarszawa,
_c1984.
040 _cBPK
041 _apol
942 _cKS
008 s pl f |000 0 pol
999 _c22822
_d22822
856 _uhttp://koha.tu.koszalin.pl/cgi-bin/koha/opac-detail.pl?biblionumber=22822
_yKatalog online BPK